000 00333nam a2200145Ia 4500
008 230711s9999||||xx |||||||||||||| ||und||
041 _aENG
082 _a800
_bNA-H
100 _aNajimi Abdul
245 0 _aHerat : the islamic city
250 _a1st Ed.
260 _c1988
_aLondon
_bCurzon Press
650 _aLiterature
942 _cBK
999 _c460
_d460